| 000 | 00464nam a2200193Ia 4500 | ||
|---|---|---|---|
| 003 | OSt | ||
| 005 | 20250830114111.0 | ||
| 008 | 250729s2003 xx 000 0 und d | ||
| 020 | _a978-0877939436 | ||
| 040 | _cAL | ||
| 041 | _aeng | ||
| 082 | _a158.1 SULG | ||
| 100 |
_aSallivan James _9222343 |
||
| 245 | _aThe good listener | ||
| 260 |
_aMumbai _bBetter Yourself Publication _c2003 |
||
| 300 | _a154p | ||
| 650 |
_aPsychology _9222344 |
||
| 942 |
_2ddc _cBED |
||
| 999 |
_c235418 _d235418 |
||